000 00962nam a22003137a 4500
003 CHAP
005 20220902143809.0
008 971013s1967 r 00010 d
010 _a39540
011 _a40512
035 _a44638
040 _cCHAP
090 _aTesis
100 0 0 _aMontes de Oca Sein, Emilio Daniel.
_977865
245 _aMateriales y servicios en bibliotecas pertenecientes a museos de arte
260 _aMéxico, D.F. :
_bEl autor,
_c1967
300 _a130 h
502 _aTesis (Licenciado en Bibliotecología) -- UNAM. Fac. de Filosofía y Letras
590 _aALEPH
_b10
_c20130110
590 _aBATCH-UPD
_b10
_c20130110
590 _aBATCH-UPD
_b10
_c20130110
590 _aBATCH-UPD
_b10
_c20130410
590 _aBATCH-UPD
_b10
_c20130914
590 _aCONVERSION
_b10
_c20130109
650 1 4 _aBibliotecas especializadas.
_912550
650 1 4 _aBiblioteconomía.
_912570
901 _aBK
949 _bBC
_cB
_d-102291
_eB
_i44638
_si
999 _c39540
_d39540